Recognize the club by its stadium Premier League 2024/25 - Statistics

General Stats
  • This quiz has been taken 24 times
  • The average score is 16 of 20
Answer Stats
Picture Answer % Correct
Chelsea
91%
Everton
91%
Manchester City
91%
Manchester United
91%
Fulham
87%
Leicester City
87%
Arsenal
83%
Aston Villa
83%
Liverpool
83%
Tottenham Hotspur
83%
West Ham United
83%
Brentford
78%
Brighton & Hove Albion
78%
Crystal Palace
78%
Ipswich Town
78%
Newcastle United
78%
Wolverhampton
78%
Bournemouth
74%
Nottingham Forest
74%
Southampton
74%
No matching quizzes found
Score Distribution
Percent of People with Each Score
Percentile by Number Answered
Your Score History
You have not taken this quiz